[Event "DVM U16 2021"]
[Site "Kiel GER"]
[Date "2022.07.26"]
[Round "7"]
[White "Schröder, Lennart"]
[Black "Kort, Felix"]
[Result "1-0"]
[Termination "normal"]
[Board "1.2"]
[WhiteElo "2023"]
[BlackElo "1858"]
[WhiteClock "00:06:27"]
[BlackClock "00:01:06"]
[WhiteTeam "Schachklub Münster 32 e. V."]
[BlackTeam "Hamburger SK von 1830 eV"]
[PlyCount "79"]
[WhiteFideId "16222490"]
[BlackFideId "16220129"]
[EventCountry "GER"]
[EventRounds "7"]
[EventType "team-swiss"]
[EventDate "2022.07.22"]

1. d4 {[%clk 01:30:56]} {[%emt 00:00:03]} Nf6 {[%clk 01:30:53]} {[%emt
00:00:08]} 2. c4 {[%clk 01:31:19]} {[%emt 00:00:08]} e6 {[%clk 01:31:17]}
{[%emt 00:00:05]} 3. g3 {[%clk 01:31:43]} {[%emt 00:00:05]} c5 {[%clk
01:29:02]} {[%emt 00:02:46]} 4. d5 {[%clk 01:30:32]} {[%emt 00:01:42]} exd5
{[%clk 01:28:51]} {[%emt 00:00:41]} 5. cxd5 {[%clk 01:30:56]} {[%emt 00:00:06]}
d6 {[%clk 01:29:16]} {[%emt 00:00:05]} 6. Nc3 {[%clk 01:30:16]} {[%emt
00:01:10]} g6 {[%clk 01:29:34]} {[%emt 00:00:13]} 7. Bg2 {[%clk 01:29:36]}
{[%emt 00:01:08]} Bg7 {[%clk 01:29:36]} {[%emt 00:00:28]} 8. Nf3 {[%clk
01:29:50]} {[%emt 00:00:17]} O-O {[%clk 01:29:58]} {[%emt 00:00:08]} 9. O-O
{[%clk 01:29:24]} {[%emt 00:00:55]} Re8 {[%clk 01:29:41]} {[%emt 00:00:48]} 10.
Nd2 {[%clk 01:28:52]} {[%emt 00:01:02]} Na6 {[%clk 01:23:05]} {[%emt 00:07:06]}
11. Nc4 {[%clk 01:27:05]} {[%emt 00:02:17]} Nc7 {[%clk 01:05:41]} {[%emt
00:17:54]} 12. Bf4 {[%clk 01:24:30]} {[%emt 00:03:04]} Bf8 {[%clk 01:02:48]}
{[%emt 00:03:24]} 13. a4 {[%clk 01:24:17]} {[%emt 00:00:43]} b6 {[%clk
00:56:05]} {[%emt 00:07:13]} 14. e4 {[%clk 01:22:30]} {[%emt 00:02:17]} Ba6
{[%clk 00:54:53]} {[%emt 00:01:43]} 15. b3 {[%clk 01:14:22]} {[%emt 00:08:37]}
Qd7 {[%clk 00:40:13]} {[%emt 00:15:10]} 16. Re1 {[%clk 01:12:46]} {[%emt
00:02:06]} Bxc4 {[%clk 00:40:37]} {[%emt 00:00:07]} 17. bxc4 {[%clk 01:13:09]}
{[%emt 00:00:07]} Rab8 {[%clk 00:30:23]} {[%emt 00:10:44]} 18. Bf3 {[%clk
01:04:15]} {[%emt 00:09:24]} a6 {[%clk 00:30:03]} {[%emt 00:00:51]} 19. e5
{[%clk 01:00:08]} {[%emt 00:04:36]} dxe5 {[%clk 00:28:15]} {[%emt 00:02:18]}
20. Bxe5 {[%clk 01:00:12]} {[%emt 00:00:25]} Bg7 {[%clk 00:27:29]} {[%emt
00:01:16]} 21. Rc1 {[%clk 00:56:50]} {[%emt 00:03:53]} h5 {[%clk 00:16:34]}
{[%emt 00:11:25]} 22. Qd2 {[%clk 00:49:00]} {[%emt 00:08:20]} Ng4 {[%clk
00:12:52]} {[%emt 00:04:12]} 23. Bxg7 {[%clk 00:48:51]} {[%emt 00:00:37]} Kxg7
{[%clk 00:13:20]} {[%emt 00:00:02]} 24. Ne4 {[%clk 00:45:10]} {[%emt 00:04:11]}
Ne5 {[%clk 00:11:04]} {[%emt 00:02:44]} 25. Qc3 {[%clk 00:42:09]} {[%emt
00:03:34]} f6 {[%clk 00:08:14]} {[%emt 00:03:20]} 26. Bg2 {[%clk 00:41:10]}
{[%emt 00:01:29]} Qd8 {[%clk 00:04:02]} {[%emt 00:04:42]} 27. Rcd1 {[%clk
00:32:01]} {[%emt 00:09:39]} b5 {[%clk 00:02:04]} {[%emt 00:02:29]} 28. axb5
{[%clk 00:27:33]} {[%emt 00:04:58]} axb5 {[%clk 00:02:29]} {[%emt 00:00:05]}
29. cxb5 {[%clk 00:27:47]} {[%emt 00:00:15]} c4 {[%clk 00:02:14]} {[%emt
00:00:45]} 30. Qa5 {[%clk 00:08:35]} {[%emt 00:19:42]} Rxb5 {[%clk 00:01:28]}
{[%emt 00:01:16]} 31. Qa7 {[%clk 00:08:54]} {[%emt 00:00:11]} Qb8 {[%clk
00:01:19]} {[%emt 00:00:40]} 32. Qxb8 {[%clk 00:08:40]} {[%emt 00:00:43]} Rbxb8
{[%clk 00:01:47]} 33. d6 {[%clk 00:05:38]} {[%emt 00:03:32]} Nb5 {[%clk
00:01:20]} {[%emt 00:00:57]} 34. d7 {[%clk 00:05:20]} {[%emt 00:00:49]} Red8
{[%clk 00:01:33]} {[%emt 00:00:17]} 35. Nc5 {[%clk 00:05:42]} {[%emt 00:00:08]}
Kf7 {[%clk 00:01:29]} {[%emt 00:00:35]} 36. f4 {[%clk 00:05:41]} {[%emt
00:00:30]} Nd3 {[%clk 00:01:00]} {[%emt 00:00:59]} 37. Bd5+ {[%clk 00:05:29]}
{[%emt 00:00:43]} Kf8 {[%clk 00:00:33]} {[%emt 00:00:57]} 38. Ne6+ {[%clk
00:05:46]} {[%emt 00:00:12]} Ke7 {[%clk 00:00:40]} {[%emt 00:00:23]} 39. Nxd8+
{[%clk 00:06:12]} {[%emt 00:00:04]} Nxe1 {[%clk 00:01:06]} {[%emt 00:00:04]}
40. Nc6+ {[%clk 00:06:27]} {[%emt 00:00:15]} 1-0

[Event "DVM U16 2021"]
[Site "Kiel GER"]
[Date "2022.07.26"]
[Round "7"]
[White "Huo, Da"]
[Black "Toval, David"]
[Result "1-0"]
[Termination "normal"]
[Board "1.3"]
[WhiteElo "1858"]
[BlackElo "1830"]
[WhiteClock "00:38:26"]
[BlackClock "00:06:55"]
[WhiteTeam "Hamburger SK von 1830 eV"]
[BlackTeam "Schachklub Münster 32 e. V."]
[PlyCount "113"]
[WhiteFideId "16221206"]
[BlackFideId "12992755"]
[EventCountry "GER"]
[EventRounds "7"]
[EventType "team-swiss"]
[EventDate "2022.07.22"]

1. e4 {[%clk 01:30:57]} {[%emt 00:00:02]} c5 {[%clk 01:30:55]} {[%emt
00:00:05]} 2. Nf3 {[%clk 01:31:24]} {[%emt 00:00:04]} d6 {[%clk 01:31:21]}
{[%emt 00:00:04]} 3. d4 {[%clk 01:31:50]} {[%emt 00:00:04]} cxd4 {[%clk
01:31:45]} {[%emt 00:00:07]} 4. Nxd4 {[%clk 01:32:18]} {[%emt 00:00:02]} Nf6
{[%clk 01:32:07]} {[%emt 00:00:07]} 5. Nc3 {[%clk 01:32:44]} {[%emt 00:00:05]}
a6 {[%clk 01:32:33]} {[%emt 00:00:04]} 6. h3 {[%clk 01:33:07]} {[%emt
00:00:07]} e6 {[%clk 01:32:55]} {[%emt 00:00:08]} 7. g4 {[%clk 01:33:27]}
{[%emt 00:00:10]} Nfd7 {[%clk 01:24:06]} {[%emt 00:09:18]} 8. Bg2 {[%clk
01:31:10]} {[%emt 00:02:48]} Nc6 {[%clk 01:23:50]} {[%emt 00:00:46]} 9. h4
{[%clk 01:29:23]} {[%emt 00:02:17]} Qc7 {[%clk 00:57:20]} {[%emt 00:26:59]} 10.
g5 {[%clk 01:11:52]} {[%emt 00:18:02]} b5 {[%clk 00:51:08]} {[%emt 00:06:42]}
11. h5 {[%clk 00:48:47]} {[%emt 00:23:35]} Nxd4 {[%clk 00:36:30]} {[%emt
00:15:08]} 12. Qxd4 {[%clk 00:47:32]} {[%emt 00:01:44]} Qc5 {[%clk 00:35:55]}
{[%emt 00:01:06]} 13. Be3 {[%clk 00:45:20]} {[%emt 00:02:43]} Qxd4 {[%clk
00:35:39]} {[%emt 00:00:46]} 14. Bxd4 {[%clk 00:45:44]} {[%emt 00:00:06]} h6
{[%clk 00:31:28]} {[%emt 00:04:40]} 15. f4 {[%clk 00:38:57]} {[%emt 00:07:17]}
Bb7 {[%clk 00:29:40]} {[%emt 00:02:18]} 16. O-O-O {[%clk 00:30:18]} {[%emt
00:09:09]} e5 {[%clk 00:21:22]} {[%emt 00:08:48]} 17. Be3 {[%clk 00:29:59]}
{[%emt 00:00:49]} exf4 {[%clk 00:21:47]} {[%emt 00:00:05]} 18. Bxf4 {[%clk
00:30:24]} {[%emt 00:00:06]} hxg5 {[%clk 00:22:11]} {[%emt 00:00:05]} 19. Bxg5
{[%clk 00:30:09]} {[%emt 00:00:46]} Be7 {[%clk 00:20:52]} {[%emt 00:01:49]} 20.
Bxe7 {[%clk 00:30:21]} {[%emt 00:00:18]} Kxe7 {[%clk 00:21:15]} {[%emt
00:00:07]} 21. Nd5+ {[%clk 00:25:03]} {[%emt 00:05:48]} Bxd5 {[%clk 00:21:24]}
{[%emt 00:00:21]} 22. exd5 {[%clk 00:24:45]} {[%emt 00:00:48]} Rh6 {[%clk
00:16:59]} {[%emt 00:04:55]} 23. Rde1+ {[%clk 00:25:07]} {[%emt 00:00:07]} Kf8
{[%clk 00:16:21]} {[%emt 00:01:08]} 24. Kd2 {[%clk 00:18:54]} {[%emt 00:06:43]}
Re8 {[%clk 00:16:26]} {[%emt 00:00:24]} 25. Rxe8+ {[%clk 00:18:40]} {[%emt
00:00:45]} Kxe8 {[%clk 00:16:49]} {[%emt 00:00:07]} 26. Kc3 {[%clk 00:17:58]}
{[%emt 00:01:11]} Kd8 {[%clk 00:06:07]} {[%emt 00:11:12]} 27. Kb4 {[%clk
00:16:23]} {[%emt 00:02:05]} Kc7 {[%clk 00:06:16]} {[%emt 00:00:21]} 28. Ka5
{[%clk 00:16:30]} {[%emt 00:00:23]} Kb7 {[%clk 00:06:19]} {[%emt 00:00:27]} 29.
b3 {[%clk 00:16:26]} {[%emt 00:00:35]} g6 {[%clk 00:04:48]} {[%emt 00:02:00]}
30. Rf1 {[%clk 00:15:40]} {[%emt 00:01:16]} Rh7 {[%clk 00:01:24]} {[%emt
00:03:54]} 31. hxg6 {[%clk 00:12:54]} {[%emt 00:03:16]} fxg6 {[%clk 00:01:49]}
{[%emt 00:00:05]} 32. a4 {[%clk 00:13:16]} {[%emt 00:00:07]} bxa4 {[%clk
00:02:02]} {[%emt 00:00:17]} 33. bxa4 {[%clk 00:13:44]} {[%emt 00:00:02]} g5
{[%clk 00:01:36]} {[%emt 00:00:56]} 34. Rf5 {[%clk 00:12:35]} {[%emt 00:01:39]}
Rg7 {[%clk 00:02:05]} {[%emt 00:00:02]} 35. Bf1 {[%clk 00:12:48]} {[%emt
00:00:16]} g4 {[%clk 00:01:08]} {[%emt 00:01:27]} 36. Bxa6+ {[%clk 00:12:43]}
{[%emt 00:00:34]} Kc7 {[%clk 00:01:37]} 37. Bf1 {[%clk 00:13:04]} {[%emt
00:00:11]} g3 {[%clk 00:01:38]} {[%emt 00:00:30]} 38. Bg2 {[%clk 00:13:33]}
{[%emt 00:00:01]} Ne5 {[%clk 00:00:59]} {[%emt 00:01:08]} 39. Kb5 {[%clk
00:12:11]} {[%emt 00:01:52]} Rg8 {[%clk 00:01:26]} {[%emt 00:00:04]} 40. Kb4
{[%clk 00:10:10]} {[%emt 00:02:30]} Rb8+ {[%clk 00:00:37]} {[%emt 00:01:18]}
41. Kc3 {[%clk 00:10:01]} {[%emt 00:00:40]} Ra8 {[%clk 00:24:50]} {[%emt
00:06:16]} 42. Rxe5 {[%clk 00:40:24]} {[%emt 00:00:08]} Rxa4 {[%clk 00:22:44]}
{[%emt 00:02:36]} 43. Re4 {[%clk 00:39:16]} {[%emt 00:01:37]} Ra1 {[%clk
00:19:54]} {[%emt 00:03:20]} 44. Kd2 {[%clk 00:38:06]} {[%emt 00:01:41]} Rg1
{[%clk 00:19:58]} {[%emt 00:00:27]} 45. Re2 {[%clk 00:38:27]} {[%emt 00:00:08]}
Kb6 {[%clk 00:20:20]} {[%emt 00:00:08]} 46. Ke3 {[%clk 00:38:51]} {[%emt
00:00:06]} Kc5 {[%clk 00:20:30]} {[%emt 00:00:20]} 47. Kf3 {[%clk 00:39:15]}
{[%emt 00:00:07]} Kxd5 {[%clk 00:20:16]} {[%emt 00:00:43]} 48. Kxg3+ {[%clk
00:39:39]} {[%emt 00:00:07]} Kc4 {[%clk 00:13:17]} {[%emt 00:07:29]} 49. Kf2
{[%clk 00:39:18]} {[%emt 00:00:51]} Rb1 {[%clk 00:12:32]} {[%emt 00:01:15]} 50.
Be4 {[%clk 00:39:05]} {[%emt 00:00:43]} Kc5 {[%clk 00:09:08]} {[%emt 00:03:54]}
51. Rd2 {[%clk 00:39:00]} {[%emt 00:00:36]} Rb6 {[%clk 00:09:34]} {[%emt
00:00:04]} 52. Ke3 {[%clk 00:39:05]} {[%emt 00:00:25]} Ra6 {[%clk 00:09:29]}
{[%emt 00:00:35]} 53. Rd3 {[%clk 00:39:07]} {[%emt 00:00:28]} Kc4 {[%clk
00:07:32]} {[%emt 00:02:27]} 54. Rd4+ {[%clk 00:37:53]} {[%emt 00:01:44]} Kc5
{[%clk 00:07:20]} {[%emt 00:00:41]} 55. Rd5+ {[%clk 00:38:16]} {[%emt
00:00:07]} Kb4 {[%clk 00:07:31]} {[%emt 00:00:19]} 56. Bd3 {[%clk 00:38:26]}
{[%emt 00:00:21]} Rb6 {[%clk 00:06:55]} {[%emt 00:01:06]} 57. Ke4 {[%emt
00:01:57]} 1-0

[Event "DVM U16 2021"]
[Site "Kiel GER"]
[Date "2022.07.26"]
[Round "7"]
[White "Kvantaliani, Saba"]
[Black "Reyes-Mantilla, Andrés Mauricio"]
[Result "0-1"]
[Termination "normal"]
[Board "1.4"]
[WhiteElo "1664"]
[BlackElo "1614"]
[WhiteClock "00:04:50"]
[BlackClock "00:04:32"]
[WhiteTeam "Schachklub Münster 32 e. V."]
[BlackTeam "Hamburger SK von 1830 eV"]
[PlyCount "54"]
[WhiteFideId "16284364"]
[BlackFideId "4467248"]
[EventCountry "GER"]
[EventRounds "7"]
[EventType "team-swiss"]
[EventDate "2022.07.22"]

1. c4 {[%clk 01:30:59]} Nf6 {[%clk 01:30:09]} {[%emt 00:00:51]} 2. Nf3 {[%clk
01:30:30]} {[%emt 00:00:58]} c5 {[%clk 01:29:58]} {[%emt 00:00:41]} 3. Nc3
{[%clk 01:28:56]} {[%emt 00:02:04]} e6 {[%clk 01:28:18]} {[%emt 00:02:10]} 4.
d4 {[%clk 01:12:51]} {[%emt 00:16:35]} cxd4 {[%clk 01:26:45]} {[%emt 00:02:04]}
5. Nxd4 {[%clk 01:13:15]} {[%emt 00:00:05]} Bb4 {[%clk 01:26:40]} {[%emt
00:00:35]} 6. Ndb5 {[%clk 01:12:30]} {[%emt 00:01:15]} Nc6 {[%clk 00:52:17]}
{[%emt 00:34:53]} 7. Nd6+ {[%clk 01:11:04]} {[%emt 00:01:56]} Ke7 {[%clk
00:51:35]} {[%emt 00:01:11]} 8. Ndb5 {[%clk 01:03:06]} {[%emt 00:08:29]} a6
{[%clk 00:49:35]} {[%emt 00:02:31]} 9. Nd4 {[%clk 01:00:49]} {[%emt 00:02:47]}
Qa5 {[%clk 00:46:25]} {[%emt 00:03:39]} 10. Qd3 {[%clk 00:50:32]} {[%emt
00:10:47]} Ne5 {[%clk 00:40:50]} {[%emt 00:06:05]} 11. Qc2 {[%clk 00:48:34]}
{[%emt 00:02:28]} Nxc4 {[%clk 00:40:21]} {[%emt 00:00:59]} 12. e3 {[%clk
00:37:29]} {[%emt 00:11:35]} b5 {[%clk 00:35:57]} {[%emt 00:04:53]} 13. Bxc4
{[%clk 00:31:50]} {[%emt 00:06:09]} bxc4 {[%clk 00:35:03]} {[%emt 00:01:25]}
14. Bd2 {[%clk 00:31:29]} {[%emt 00:00:52]} Bb7 {[%clk 00:33:30]} {[%emt
00:02:02]} 15. O-O {[%clk 00:31:15]} {[%emt 00:00:44]} Qg5 {[%clk 00:28:14]}
{[%emt 00:05:46]} 16. f3 {[%clk 00:29:20]} {[%emt 00:02:26]} Bd6 {[%clk
00:22:40]} {[%emt 00:06:03]} 17. Nce2 {[%clk 00:22:45]} {[%emt 00:07:05]} Qe5
{[%clk 00:17:16]} {[%emt 00:05:54]} 18. g3 {[%clk 00:19:49]} {[%emt 00:03:26]}
h5 {[%clk 00:15:13]} {[%emt 00:02:33]} 19. e4 {[%clk 00:19:24]} {[%emt
00:00:55]} Qc5 {[%clk 00:10:57]} {[%emt 00:04:46]} 20. Be3 {[%clk 00:18:54]}
{[%emt 00:01:01]} Qc7 {[%clk 00:10:36]} {[%emt 00:00:51]} 21. Rac1 {[%clk
00:13:49]} {[%emt 00:05:35]} Rac8 {[%clk 00:10:15]} {[%emt 00:00:51]} 22. Nc3
{[%clk 00:11:07]} {[%emt 00:03:12]} h4 {[%clk 00:07:36]} {[%emt 00:03:09]} 23.
Rcd1 {[%clk 00:04:47]} {[%emt 00:06:50]} hxg3 {[%clk 00:06:48]} {[%emt
00:01:18]} 24. Ndb5 {[%clk 00:05:03]} {[%emt 00:00:14]} axb5 {[%clk 00:06:34]}
{[%emt 00:00:44]} 25. Nxb5 {[%clk 00:05:33]} Bc5 {[%clk 00:05:50]} {[%emt
00:01:13]} 26. Nxc7 {[%clk 00:05:02]} {[%emt 00:01:00]} Bxe3+ {[%clk 00:06:15]}
{[%emt 00:00:06]} 27. Kh1 {[%clk 00:04:50]} {[%emt 00:00:42]} Rxc7 {[%clk
00:04:32]} {[%emt 00:02:14]} 0-1

[Event "DVM U16 2021"]
[Site "Kiel GER"]
[Date "2022.07.26"]
[Round "7"]
[White "Rose, Daniel"]
[Black "Bui, Bao Anh Le"]
[Result "0-1"]
[Termination "normal"]
[Board "2.1"]
[WhiteElo "1973"]
[BlackElo "2109"]
[WhiteClock "00:01:59"]
[BlackClock "00:02:20"]
[WhiteTeam "SV Königsjäger Süd-West e.V."]
[BlackTeam "SV Mattnetz Berlin e.V."]
[PlyCount "84"]
[WhiteFideId "16242963"]
[BlackFideId "12970719"]
[EventCountry "GER"]
[EventRounds "7"]
[EventType "team-swiss"]
[EventDate "2022.07.22"]

1. c4 {[%clk 01:30:52]} {[%emt 00:00:08]} Nf6 {[%clk 01:29:49]} {[%emt
00:01:12]} 2. Nc3 {[%clk 01:29:41]} {[%emt 00:01:40]} e6 {[%clk 01:30:00]}
{[%emt 00:00:19]} 3. d4 {[%clk 01:29:07]} {[%emt 00:01:04]} d5 {[%clk
01:30:18]} {[%emt 00:00:11]} 4. cxd5 {[%clk 01:29:31]} {[%emt 00:00:07]} exd5
{[%clk 01:30:43]} {[%emt 00:00:05]} 5. Bg5 {[%clk 01:29:33]} {[%emt 00:00:28]}
c6 {[%clk 01:31:07]} {[%emt 00:00:07]} 6. e3 {[%clk 01:29:36]} {[%emt
00:00:26]} h6 {[%clk 01:31:08]} {[%emt 00:00:29]} 7. Bh4 {[%clk 01:29:03]}
{[%emt 00:01:03]} Be7 {[%clk 01:31:27]} {[%emt 00:00:11]} 8. Bd3 {[%clk
01:25:51]} {[%emt 00:03:43]} O-O {[%clk 01:31:43]} {[%emt 00:00:13]} 9. Nge2
{[%clk 01:25:31]} {[%emt 00:00:50]} Re8 {[%clk 01:32:06]} {[%emt 00:00:07]} 10.
Qc2 {[%clk 01:25:01]} {[%emt 00:01:00]} Nbd7 {[%clk 01:32:30]} {[%emt
00:00:06]} 11. O-O {[%clk 01:24:42]} {[%emt 00:00:50]} Nh5 {[%clk 01:32:40]}
{[%emt 00:00:19]} 12. Bxe7 {[%clk 01:21:30]} {[%emt 00:03:44]} Qxe7 {[%clk
01:32:55]} {[%emt 00:00:13]} 13. Rab1 {[%clk 01:19:41]} {[%emt 00:02:19]} a5
{[%clk 01:32:28]} {[%emt 00:00:57]} 14. Na4 {[%clk 01:17:25]} {[%emt 00:02:47]}
Nhf6 {[%clk 01:27:23]} {[%emt 00:05:34]} 15. a3 {[%clk 01:09:45]} {[%emt
00:08:11]} b5 {[%clk 01:16:55]} {[%emt 00:10:58]} 16. Nc5 {[%emt 00:04:01]} a4
{[%clk 01:14:59]} {[%emt 00:02:16]} 17. Ng3 {[%clk 01:01:47]} {[%emt 00:05:06]}
g6 {[%clk 01:14:23]} {[%emt 00:01:06]} 18. Rfe1 {[%clk 00:54:10]} {[%emt
00:08:07]} h5 {[%clk 01:06:11]} {[%emt 00:08:42]} 19. e4 {[%clk 00:40:43]}
{[%emt 00:13:57]} Nxc5 {[%clk 00:42:27]} {[%emt 00:24:14]} 20. dxc5 {[%clk
00:37:45]} {[%emt 00:03:28]} dxe4 {[%clk 00:33:33]} {[%emt 00:09:25]} 21. Bxe4
{[%clk 00:36:05]} {[%emt 00:02:09]} Nxe4 {[%clk 00:32:53]} {[%emt 00:01:09]}
22. Rxe4 {[%clk 00:35:09]} {[%emt 00:01:27]} Bf5 {[%clk 00:29:58]} {[%emt
00:03:25]} 23. Rxe7 {[%clk 00:34:28]} {[%emt 00:01:11]} Bxc2 {[%clk 00:30:23]}
{[%emt 00:00:05]} 24. Rbe1 {[%clk 00:33:47]} {[%emt 00:01:11]} Rxe7 {[%clk
00:30:38]} {[%emt 00:00:15]} 25. Rxe7 {[%clk 00:34:12]} {[%emt 00:00:04]} Rd8
{[%clk 00:31:05]} {[%emt 00:00:03]} 26. h3 {[%clk 00:30:19]} {[%emt 00:04:23]}
Rd5 {[%clk 00:31:14]} {[%emt 00:00:21]} 27. Ne2 {[%clk 00:27:02]} {[%emt
00:03:48]} Rxc5 {[%clk 00:28:17]} {[%emt 00:03:27]} 28. Nd4 {[%clk 00:27:18]}
{[%emt 00:00:15]} Rc4 {[%clk 00:26:22]} {[%emt 00:02:24]} 29. Rd7 {[%clk
00:24:11]} {[%emt 00:03:37]} Be4 {[%clk 00:24:53]} {[%emt 00:01:57]} 30. f3
{[%clk 00:24:12]} {[%emt 00:00:31]} Rc1+ {[%clk 00:19:32]} {[%emt 00:05:50]}
31. Kh2 {[%clk 00:23:56]} {[%emt 00:00:46]} Bd5 {[%clk 00:03:08]} {[%emt
00:16:55]} 32. Nxb5 {[%clk 00:23:48]} {[%emt 00:00:38]} Bxf3 {[%clk 00:03:18]}
{[%emt 00:00:20]} 33. gxf3 {[%clk 00:07:53]} {[%emt 00:16:25]} Rc2+ {[%clk
00:03:41]} {[%emt 00:00:06]} 34. Kg3 {[%clk 00:08:17]} {[%emt 00:00:06]} cxb5
{[%clk 00:04:06]} {[%emt 00:00:05]} 35. Rb7 {[%clk 00:07:56]} {[%emt 00:00:50]}
Rxb2 {[%clk 00:04:31]} {[%emt 00:00:07]} 36. Kf4 {[%clk 00:07:43]} {[%emt
00:00:43]} Kg7 {[%clk 00:04:37]} {[%emt 00:00:24]} 37. h4 {[%emt 00:00:54]} Rb3
{[%clk 00:04:28]} {[%emt 00:00:38]} 38. Rb6 {[%clk 00:07:30]} {[%emt 00:00:20]}
Rxa3 {[%clk 00:04:08]} {[%emt 00:00:50]} 39. Rxb5 {[%clk 00:07:55]} {[%emt
00:00:04]} Ra1 {[%clk 00:04:30]} {[%emt 00:00:08]} 40. Ra5 {[%clk 00:08:15]}
{[%emt 00:00:11]} a3 {[%clk 00:04:50]} {[%emt 00:00:10]} 41. Ra7 {[%clk
00:08:35]} {[%emt 00:00:10]} a2 {[%clk 00:03:20]} {[%emt 00:02:00]} 42. Ra6
{[%clk 00:01:59]} {[%emt 00:07:05]} g5+ {[%clk 00:02:20]} {[%emt 00:01:30]} 0-1

[Event "DVM U16 2021"]
[Site "Kiel GER"]
[Date "2022.07.26"]
[Round "7"]
[White "Röhr, Oliver"]
[Black "Abed, Karim"]
[Result "1-0"]
[Termination "normal"]
[Board "2.2"]
[WhiteElo "2088"]
[BlackElo "1843"]
[WhiteClock "00:11:59"]
[BlackClock "00:01:11"]
[WhiteTeam "SV Mattnetz Berlin e.V."]
[BlackTeam "SV Königsjäger Süd-West e.V."]
[PlyCount "67"]
[WhiteFideId "12987697"]
[BlackFideId "16242785"]
[EventCountry "GER"]
[EventRounds "7"]
[EventType "team-swiss"]
[EventDate "2022.07.22"]

1. e4 {[%clk 01:30:58]} {[%emt 00:00:01]} d5 {[%clk 01:30:28]} {[%emt
00:00:33]} 2. exd5 {[%clk 01:31:11]} {[%emt 00:00:17]} Nf6 {[%clk 01:30:46]}
{[%emt 00:00:12]} 3. d4 {[%clk 01:30:50]} {[%emt 00:00:51]} Bg4 {[%clk
01:31:11]} {[%emt 00:00:05]} 4. Be2 {[%clk 01:29:33]} {[%emt 00:01:46]} Bxe2
{[%clk 01:31:15]} {[%emt 00:00:27]} 5. Qxe2 {[%clk 01:27:04]} {[%emt 00:02:58]}
Qxd5 {[%clk 01:31:41]} {[%emt 00:00:04]} 6. Nf3 {[%clk 01:27:01]} {[%emt
00:00:33]} Qe4 {[%clk 01:31:17]} {[%emt 00:00:54]} 7. Be3 {[%clk 01:23:18]}
{[%emt 00:04:13]} e6 {[%clk 01:28:14]} {[%emt 00:03:33]} 8. Nc3 {[%clk
01:19:24]} {[%emt 00:04:23]} Bb4 {[%clk 01:26:49]} {[%emt 00:01:56]} 9. Qb5+
{[%clk 01:15:01]} {[%emt 00:04:53]} Nc6 {[%clk 01:26:27]} {[%emt 00:00:53]} 10.
Qxb7 {[%clk 01:12:21]} {[%emt 00:03:09]} Bxc3+ {[%clk 01:21:23]} {[%emt
00:05:34]} 11. bxc3 {[%clk 01:12:43]} {[%emt 00:00:08]} O-O {[%clk 01:21:14]}
{[%emt 00:00:40]} 12. Qa6 {[%clk 01:01:20]} {[%emt 00:11:52]} Ne7 {[%clk
01:13:06]} {[%emt 00:08:38]} 13. Qd3 {[%clk 00:58:06]} {[%emt 00:03:44]} Ned5
{[%clk 01:03:50]} {[%emt 00:09:47]} 14. Kd2 {[%clk 00:50:53]} {[%emt 00:07:42]}
c5 {[%clk 00:42:47]} {[%emt 00:21:33]} 15. c4 {[%clk 00:45:44]} {[%emt
00:05:40]} Nb4 {[%clk 00:36:18]} {[%emt 00:06:58]} 16. Qxe4 {[%clk 00:45:30]}
{[%emt 00:00:44]} Nxe4+ {[%clk 00:36:47]} {[%emt 00:00:02]} 17. Kc1 {[%clk
00:42:44]} {[%emt 00:03:15]} cxd4 {[%clk 00:26:31]} {[%emt 00:10:47]} 18. Nxd4
{[%clk 00:41:47]} {[%emt 00:01:27]} Rfc8 {[%clk 00:25:00]} {[%emt 00:02:00]}
19. a3 {[%clk 00:41:18]} {[%emt 00:00:59]} Nc6 {[%clk 00:23:21]} {[%emt
00:02:09]} 20. f3 {[%clk 00:38:16]} {[%emt 00:03:33]} Nd6 {[%clk 00:15:25]}
{[%emt 00:08:25]} 21. Nxc6 {[%clk 00:35:32]} {[%emt 00:03:15]} Rxc6 {[%clk
00:15:54]} {[%emt 00:00:01]} 22. Rd1 {[%clk 00:32:24]} {[%emt 00:03:37]} Nxc4
{[%clk 00:14:05]} {[%emt 00:02:20]} 23. Bxa7 {[%clk 00:29:03]} {[%emt
00:03:50]} Kf8 {[%clk 00:13:41]} {[%emt 00:00:54]} 24. Rd7 {[%clk 00:25:55]}
{[%emt 00:03:37]} Ke8 {[%emt 00:00:27]} 25. Rb7 {[%clk 00:26:05]} {[%emt
00:00:13]} Na5 {[%clk 00:14:11]} {[%emt 00:00:10]} 26. Rab1 {[%clk 00:23:42]}
{[%emt 00:02:54]} Nxb7 {[%clk 00:12:46]} {[%emt 00:01:55]} 27. Rxb7 {[%clk
00:24:08]} {[%emt 00:00:04]} Rac8 {[%clk 00:12:51]} {[%emt 00:00:26]} 28. Rb2
{[%clk 00:23:57]} {[%emt 00:00:41]} f6 {[%clk 00:10:06]} {[%emt 00:03:14]} 29.
Ra2 {[%clk 00:21:35]} {[%emt 00:02:51]} Ra6 {[%clk 00:08:26]} {[%emt 00:02:10]}
30. Bf2 {[%clk 00:19:43]} {[%emt 00:02:23]} Kd7 {[%clk 00:07:37]} {[%emt
00:01:20]} 31. Be1 {[%clk 00:18:52]} {[%emt 00:01:20]} Rc5 {[%clk 00:03:19]}
{[%emt 00:04:48]} 32. Bb4 {[%clk 00:16:52]} {[%emt 00:02:29]} Rg5 {[%clk
00:02:29]} {[%emt 00:01:19]} 33. c4 {[%clk 00:12:59]} {[%emt 00:04:24]} Rc6
{[%clk 00:01:11]} {[%emt 00:01:50]} 34. c5 {[%clk 00:11:59]} {[%emt 00:01:29]}
1-0